| 000 | 00711nam a22002297a 4500 | ||
|---|---|---|---|
| 005 | 20170124110102.0 | ||
| 010 | _a858066 | ||
| 020 | _c32.00 | ||
| 035 | _a858066 | ||
| 037 | _bCen Lib/Ret | ||
| 040 |
_aDPL _bEN |
||
| 082 |
_a954.08111 _bSOH |
||
| 100 |
_aSohan Singh Josh _927359 |
||
| 245 |
_aHindustan gadar party : _cby Sohan Singh Josh _bshort history / |
||
| 260 |
_aNew Delhi _bPeople Publishing House _c1977 |
||
| 270 |
_bNew Delhi _aRani Jhansi Road _e110055 |
||
| 300 |
_aviii, 310p. _c20m(Hb) |
||
| 500 | _a Includes bibliographical references and index | ||
| 650 |
_aHistory _zIndia _9436 |
||
| 650 |
_aGadar party _zIndia _927360 |
||
| 942 |
_2ddc _cEN _h954.08111 _mSOH |
||
| 999 |
_c129776 _d129776 |
||